| 000 | 00820cam a22002653a 4500 | ||
|---|---|---|---|
| 001 | 14374 | ||
| 003 | PGUSA | ||
| 005 | 20140828083316.0 | ||
| 008 | 041217s2004||||xxu|||||s|||||000 | eng d | ||
| 040 |
_aPGUSA _beng |
||
| 042 | _adc | ||
| 050 | 4 | _aDA | |
| 100 | 1 |
_aGwynn, Stephen Lucius, _d1864-1950 |
|
| 245 | 1 | 0 |
_aJohn Redmond's Last Years _h[electronic resource] / _cStephen Lucius Gwynn |
| 260 |
_bProject Gutenberg, _c2004 |
||
| 506 | _aPublic domain in the USA. | ||
| 516 | _aElectronic text | ||
| 653 | _aRedmond, John Edward, 1856-1918 -- Last years | ||
| 653 | _aIrish question | ||
| 653 | _aIreland -- History -- Easter Rising, 1916 -- Biography | ||
| 653 | _aWorld War, 1914-1918 -- Ireland | ||
| 830 | 0 |
_aProject Gutenberg _v14374 |
|
| 856 | 4 | 0 | _uhttp://www.gutenberg.org/ebooks/14374 |
| 942 | _cEB | ||
| 999 |
_c243629 _d243629 |
||